2018 World Cup Goalscorers - Statistics

General Stats
  • This quiz has been taken 38 times
  • The average score is 59 of 110
Answer Stats
Country Goals Player % Correct
Belgium 3 Eden Hazard
100%
Belgium 4 Romelu Lukaku
100%
Portugal 3 Cristiano Ronaldo
96%
Uruguay 3 Edinson Cavani
96%
England 6 Harry Kane
96%
Argentina 1 Lionel Messi
96%
Uruguay 2 Luis Suarez
96%
Brazil 2 Neymar
96%
France 4 Antoine Griezmann
92%
Croatia 2 Luka Modric
92%
France 1 Paul Pogba
92%
Argentina 2 Sergio Aguero
92%
Argentina 1 Angel Di Maria
88%
Croatia 3 Mario Mandzukic
88%
Colombia 1 Radamel Falcao
88%
Switzerland 1 Xherdan Shaqiri
88%
Croatia 3 Ivan Perisic
83%
Belgium 1 Kevin De Bruyne
83%
France 4 Kylian Mbappe
83%
Egypt 2 Mohamed Salah
83%
France 1 Benjamin Pavard
79%
Russia 4 Denis Cheryshev
79%
Brazil 2 Philippe Coutinho
79%
South Korea 2 Son Heung-Min
79%
Germany 1 Toni Kroos
79%
Spain 3 Diego Costa
75%
Croatia 1 Ivan Rakitic
75%
Mexico 1 Javier Hernandez
75%
England 1 Jesse Lingard
75%
Australia 2 Mile Jedinak
75%
Colombia 3 Yerry Mina
75%
Denmark 1 Christian Eriksen
71%
Belgium 1 Dries Mertens
71%
England 1 Harry Maguire
71%
England 2 John Stones
71%
England 1 Kieran Trippier
71%
Belgium 1 Marouane Fellaini
71%
Belgium 1 Nacer Chadli
71%
France 1 Raphael Varane
71%
Portugal 1 Ricardo Quaresma
71%
England 1 Dele Alli
67%
Switzerland 1 Granit Xhaka
67%
Mexico 1 Hirving Lozano
67%
Spain 1 Isco
67%
Senegal 1 Sadio Mane
67%
France 1 Samuel Umtiti
67%
Nigeria 2 Ahmed Musa
58%
Russia 3 Artem Dzyuba
58%
Iceland 1 Gylfi Sigurdsson
58%
Belgium 1 Michy Batshuayi
58%
Serbia 1 Aleksandar Kolarov
54%
Russia 1 Aleksandr Golovin
54%
Colombia 1 Juan Cuadrado
54%
Argentina 1 Marcos Rojo
54%
Peru 1 Paolo Guerrero
54%
Belgium 1 Thomas Meunier
54%
Belgium 1 Adnan Januzaj
50%
Sweden 2 Andreas Granqvist
50%
Croatia 1 Domagoj Vida
50%
Belgium 1 Jan Vertonghen
50%
Uruguay 1 Jose Gimenez
50%
Germany 1 Marco Reus
50%
Russia 1 Mario Fernandes
50%
Spain 1 Nacho
50%
Brazil 1 Paulinho
50%
Brazil 1 Renato Augusto
50%
Japan 1 Shinji Kagawa
50%
Brazil 1 Thiago Silva
50%
Nigeria 1 Victor Moses
50%
Spain 1 Iago Aspas
46%
Japan 1 Keisuke Honda
46%
Portugal 1 Pepe
46%
Brazil 1 Roberto Firmino
46%
Tunisia 2 Wahbi Khazri
46%
Serbia 1 Aleksandar Mitrovic
42%
Croatia 1 Ante Rebic
42%
Sweden 1 Emil Forsberg
42%
Argentina 1 Gabriel Mercado
42%
Japan 2 Takashi Inui
42%
Denmark 1 Yussuf Poulson
42%
Iceland 1 Alfred Finnbogason
33%
Croatia 1 Andrej Kramaric
33%
Colombia 1 Juan Quintero
33%
South Korea 1 Kim Yong-Gwon
29%
Mexico 1 Carlos Vela
25%
Panama 1 Felipe Baloy
25%
Senegal 1 M'Baye Niang
25%
Sweden 1 Ola Toivonen
25%
Poland 1 Gzegorz Krychowiak
21%
Switzerland 1 Josip Drmic
21%
Senegal 1 Moussa Wague
21%
Japan 1 Genki Haraguchi
17%
Sweden 1 Ludwig Augustinsson
17%
Saudi Arabia 1 Salem Al-Dawsari
17%
Morocco 1 Youssef En-Nesyri
17%
Japan 1 Yuya Osako
17%
Peru 1 Andre Carillo
13%
Switzerland 1 Blerim Dzemaili
13%
Tunisia 1 Ferjani Sassi
13%
Poland 1 Jan Bednarek
13%
Iran 1 Karim Ansarifard
13%
Costa Rica 1 Kendall Waston
13%
Denmark 1 Mathias Jorgensen
13%
Croatia 1 Milan Badelj
13%
Saudi Arabia 1 Salman Al-Faraj
13%
Switzerland 1 Steven Zuber
13%
Tunisia 1 Dylan Bronn
8%
Morocco 1 Khalid Boutaib
8%
Russia 1 Yuri Gazinskiy
8%
Tunisia 1 Fakhreddine Ben Youssef
4%
No matching quizzes found
Score Distribution
Percent of People with Each Score
Percentile by Number Answered
Your Score History
You have not taken this quiz